000 00624nam a2200229Ia 4500
003 OSt
005 20221007080806.0
006 a|||||r|||| 00| 0
007 ta
008 221006b |||||||| |||| 00| 0 eng d
024 _a17,850
037 _cTextual
040 _aFLL
_cFLL
_beng
041 _2eng
_aeng
082 _aY163:45:Z73, K7
100 _aJeffery C.R. Au.
_9695538
245 0 _aCriminal responsibility
260 _aNew York
_bClarkson N. Potter Inc. U.S.A.
_c1967
300 _axvii,324p
_ccm.
942 _hY163:45:Z73, K7
_cTEXL
_2CC
999 _c1160915
_d1160915